Missing Word: Nick at Nite (1990s) Quiz Stats

Quiz Updated Nov 16, 2014

Challenge
Share
Tweet
Embed
Score 0/30 Timer 02:00
0 Plays Today
Show Title Missing Word % Correct
______ & MindyMork
95.8%
The ______ CoupleOdd
95.2%
The Partridge ______Family
95%
Saturday Night ______Live
94.5%
I ______ of JeannieDream
93.3%
______ SmartGet
90.1%
The ______ Sullivan ShowEd
90%
Hill Street ______Blues
90%
______ ElsewhereSt.
88.6%
Looney ______Tunes
87.4%
______ Back, KotterWelcome
86.6%
The ______ Newhart ShowBob
85.4%
The Lucy ______Show
84%
______ Geographic ExplorerNational
83.3%
______ EdMister
82.9%
Show Title Missing Word % Correct
______ 54, Where Are You?Car
79.8%
My Three ______Sons
76.5%
Rowan & Martin’s ______ -InLaugh
74.9%
Green ______Acres
73.9%
The ______ Loves of Dobie GillisMany
63.5%
The ______ Duke ShowPatty
63.1%
The Donna ______ ShowReed
59.5%
The ______ White ShowBetty
58.1%
F ______Troop
57.1%
Make Room For ______Daddy
52.3%
______ GirlThat
52%
The ______ Sothern ShowAnn
35.1%
The ______ ShadowWhite
33.6%
America 2-______Night
22.9%
Mr. Wizard's ______World
21%

Today's Daily Dose

You're not logged in!

Compare scores with friends on all Sporcle quizzes.
Sign Up with Email
OR
Log In

You Might Also Like...

Show Comments

Extras

Top Quizzes Today


Score Distribution

Your Account Isn't Verified!

In order to create a playlist on Sporcle, you need to verify the email address you used during registration. Go to your Sporcle Settings to finish the process.